How well do you know Iveta quiz UPDATED - Statistics

General Stats
  • This quiz has been taken 21 times
    10 since last reset
  • The average score is 3 of 10
Answer Stats
Question Answer % Correct
what's Iveta's favourite hobby? all of the above
100%
when is Iveta's birthday? 10th July
50%
who's Iveta's oldest teddy? Milky
50%
whats Iveta's favourite number? 5
25%
who's Iveta's best friend? Bobby
25%
what's Iveta's favourite film? Jennifers Body
25%
what is Iveta's favourite song? Lust for life- Lana Del Rey
25%
what's Iveta's favourite meal? sushi
25%
what was Iveta's first pet? dog
0%
what's Iveta's favourite room in her house? the living room
0%
No matching quizzes found
Score Distribution
Percent of People with Each Score
Percentile by Number Answered
Your Score History
You have not taken this quiz since the last reset